000 00582nam a22002057a 4500
003 OSt
005 20260625122918.0
008 260625b |||||||| |||| 00| 0 eng d
020 _a0761939040
040 _cChuka University Library
050 _aLB 1139.5
_b.W65 2004
100 _aWolfe, Patricia
_931238
245 _aBuilding the Reading Brain,prek-3
260 _aCalifornia
_bCorwin Press
_c2004
300 _a182p
650 _aReading(Early Childhood)
_931239
650 _aReading, Psychology of
_931240
700 _aPamela Nevills(Author)
_931241
942 _2lcc
_cBK
_n0
999 _c25231
_d25231